[Event "Yerevan op 1st"]
[Site "Yerevan"]
[Date "2016.10.08"]
[Round "7"]
[White "Hakobyan, Hovhannes H"]
[Black "Khachikyan, Ervand"]
[Result "1-0"]
[WhiteElo "2125"]
[BlackElo "1772"]
[PlyCount "97"]
[EventDate "2016.10.02"]
[EventType "swiss"]
[EventRounds "9"]
[EventCountry "ARM"]
[SourceTitle "EXT 2017"]
[Source "ChessBase"]
[SourceDate "2016.10.25"]
[SourceVersion "1"]
[SourceVersionDate "2016.10.25"]
[SourceQuality "1"]

1. e4 d5 2. exd5 Qxd5 3. Nc3 Qd8 4. d4 c6 5. Nf3 Bg4 6. Bc4 Bxf3 7. Qxf3 e6 8. Be3 Nf6 9. 0-0-0 Nbd7 10. Bb3 Be7 11. Rhe1 Nb6 12. Qg3 g6 13. Bg5 Nh5 14. Bxe7 Qxe7 15. Qe5 0-0 16. g4 Ng7 17. Ne4 f6 18. Qg3 h6 19. h4 a5 20. Nc5 Nd5 21. Bxd5 cxd5 22. Qe3 Kf7 23. h5 gxh5 24. gxh5 b6 25. Nd3 Nf5 26. Qh3 Qc7 27. c3 Rae8 28. Kb1 Rg8 29. Qf3 Qh2 30. Nf4 Nh4 31. Qe3 Ng2 32. Nxg2 Qxg2 33. Qf4 Qg5 34. Qc7+ Re7 35. Qxb6 Qxh5 36. c4 Qf5+ 37. Ka1 dxc4 38. d5 Rge8 39. d6 Rd7 40. Qc6 Red8 41. Qxc4 h5 42. f3 a4 43. a3 Rb7 44. Qc6 Qb5 45. Qc2 f5 46. Rg1 Qe5 47. f4 Qxf4 48. Qg2 Qe4 49. Qg6+ 1-0